000 00288nam a22001337a 4500
008 181122b xxu||||| |||| 00| 0 eng d
020 _a0070331200
041 _aeng
080 _24th
_a610
100 _a4
101 _aSHM
245 _aClinical Ethical
_cJonsen,A.R
942 _2udc
_cBK
999 _c52375
_d52375